Seen and heard : a century of Arab women in literature and culture /

Bibliographic Details
Main Author: Mikhail, Mona
Format: Book
Language:English
Published: Northampton, Mass. : Olive Branch Press, 2004.
Edition:First American ed.
Subjects:
Online Access:Table of contents

MARC

Tag First Indicator Second Indicator Subfields
LEADER 00000cam a22000004a 4500
001 in00002001621
005 20151031123756.0
008 030619s2004 maua b 000 0 eng
010 |a  2003014171 
020 |a 1566564638 (pbk.) 
035 |a (OCoLC)ocm52477107 
040 |a DLC  |c DLC  |d YBM  |d TXA  |d UtOrBLW 
042 |a pcc 
049 |a TXAM 
050 0 0 |a PJ7538  |b .M554 2004 
082 0 0 |a 892.7/09352042/0904  |2 21 
100 1 |a Mikhail, Mona. 
245 1 0 |a Seen and heard :  |b a century of Arab women in literature and culture /  |c by Mona N. Mikhail. 
250 |a First American ed. 
264 1 |a Northampton, Mass. :  |b Olive Branch Press,  |c 2004. 
300 |a xii, 169 pages :  |b illustrations ;  |c 23 cm. 
336 |a text  |b txt  |2 rdacontent 
337 |a unmediated  |b n  |2 rdamedia 
338 |a volume  |b nc  |2 rdacarrier 
504 |a Includes bibliographical references. 
505 0 |a 1. Growing up in Egypt at the turn of the 20th century -- 2. The mother of the bride frantically prepares: Egyptian wedding customs -- 3. I want a solution: films and social change -- 4. I light ten candles: women and vow-making -- 5. "A new vision of the veil," by Iqbal Baraka -- 6. "Women in the discourse of crisis," by Nasr Hamid Abu-Zeid -- 7. Nabawiyya Musa and al-Tahir al-Haddad in a virtual debate with Anwar al-Guindi -- 8. Al-Sitt Hoda: a comedy in defense of women -- 9. Modern-day Shahrazads -- 10. Ambiguity and relevance in the works of Khannatha Bannuna -- 11. Images of women in North African literature: myth or reality? -- 12 Masculine ideology or feminine mystique: a study of writings on Arab women -- 13. Women, love, and sex in Yusuf Idris's city: an existential dilemma -- 14. A compromise of the road to happiness: love in Naguib Mahfouz's repetoire. 
650 0 |a Arabic literature  |y 20th century  |x History and criticism. 
650 0 |a Women in literature. 
650 0 |a Women, Arab. 
856 4 1 |3 Table of contents  |u http://www.loc.gov/catdir/toc/ecip045/2003014171.html  |t 0 
948 |a cataloged  |b h  |c 2004/10/18  |d c  |e ceaton  |f 2:29:30 pm 
994 |a C0  |b TXA 
999 |a MARS 
999 f f |s 1185e8db-cc7f-3448-8c13-c5a15073c736  |i e1c44c90-dd21-3951-a106-893772ec32cc  |t 0 
952 f f |p normal  |a Texas A&M University  |b College Station  |c Sterling C. Evans Library  |d Evans: Library Stacks  |t 0  |e PJ7538 .M554 2004  |h Library of Congress classification  |i unmediated -- volume  |m A14831374879 
998 f f |a PJ7538 .M554 2004  |t 0  |l Evans: Library Stacks